000 01105nam0a2200325 4500
001 RU\NLR\bibl\1763508
005 20260405234546.0
010 _a978-5-699-47777-7
_920000
021 _aRU
_b2011-19395
_9176д/11
035 _a(NLR Aleph) 001754312
090 _a1538428
_c1538428
100 _a20110428d2011 |||y0rusy50 ca
101 0 _arus
102 _aRU
105 _ay |||||||||
200 1 _aКредит на милосердие
_e[фантастический роман]
_fАндрей Фролов
210 _aМосква
_cЭксмо
_d2011
215 _a412, [1] с.
_d21
225 1 _aАнклавы
225 1 _aАнклавы Вадима Панова
320 _aДр. произведения авт. на 2-й с.
686 _aШ6(2=Р)8-445
700 1 _4070
_8rus
_7ca
_aФролов
_bА. Е.
_cписатель-фантаст
_f1978-
_gАндрей Евгеньевич
_3RU\NLR\auth\77108195
_991120
801 0 _aRU
_bNLR
_c20110428
_gRCR
801 1 _aRU
_bNLR
_c20110428
942 _cBOOK
980 _aNB
980 _aNBR